书目信息 |
| 题名: |
伤藤
|
|
| 作者: | 黄丹丽 著 | |
| 分册: | ||
| 出版信息: | 南宁 广西人民出版社 2009.05 |
|
| 页数: | 244页 | |
| 开本: | 24cm | |
| 丛书名: | ||
| 单 册: | ||
| 中图分类: | I247.5 | |
| 科图分类: | ||
| 主题词: | 长篇小说--中国--现代 | |
| 电子资源: | ||
| ISBN: | 978-7-219-06499-3 | |
| 000 | 00747nam0 2200229 450 | |
| 001 | 004179689 | |
| 005 | 20100810173241.50 | |
| 010 | @a978-7-219-06499-3@dCNY24.80 | |
| 090 | @aI247.57@bhdl | |
| 100 | @a20100515d2009 em y0chiy50 ea | |
| 101 | 0 | @achi |
| 102 | @aCN@b450000 | |
| 105 | @aa z 000ay | |
| 200 | 1 | @a伤藤@Ashang teng@f黄丹丽著@Fhuang dan li zhu |
| 210 | @a南宁@c广西人民出版社@d2009.05 | |
| 215 | @a244页@c图@d24cm | |
| 330 | @a苏州弄堂里的青石上面,记载了所有关于米灵依、于净、陆书杰和季子的故事。爱情的唯美、亲情的包容及人性的善恶,这些纠缠在一起的情感,就如同常春藤永远延伸 | |
| 606 | 0 | @a长篇小说@y中国@z现代 |
| 690 | @aI247.5@v4 | |
| 701 | 0 | @a黄丹丽@Ahuang dan li@4著 |
| 801 | @c20100515 | |
| 905 | @dI247.5@eH8202@f5 | |
| 伤藤/黄丹丽著.-南宁:广西人民出版社,2009.05 |
| 244页:图;24cm |
| ISBN 978-7-219-06499-3:CNY24.80 |
| 苏州弄堂里的青石上面,记载了所有关于米灵依、于净、陆书杰和季子的故事。爱情的唯美、亲情的包容及人性的善恶,这些纠缠在一起的情感,就如同常春藤永远延伸 |
| ● |
| 相关链接 |
|
|
|
正题名:伤藤
索取号:I247.5/H8202
 
预约/预借
| 序号 | 登录号 | 条形码 | 馆藏地/架位号 | 状态 | 备注 |
| 1 | 1023273 | 210232737 | 文学库108/108文学库 30排2列2层/ [索取号:I247.5/H8202] | 在馆 | |
| 2 | 1023274 | 210232746 | 社科二线400B/400B社科库 10排3列6层/ [索取号:I247.5/H8202] | 在馆 | |
| 3 | 1023275 | 210232755 | 社科二线400B/400B社科库 10排3列1层/ [索取号:I247.5/H8202] | 在馆 | |
| 4 | 1023276 | 210232764 | 社科二线400B/400B社科库 10排3列6层/ [索取号:I247.5/H8202] | 在馆 | |
| 5 | 1023277 | 210232773 | 文学库108/108文学库 30排2列2层/ [索取号:I247.5/H8202] | 在馆 |